| 000 | 00559nam a22001817a 4500 | ||
|---|---|---|---|
| 005 | 20210427064759.0 | ||
| 008 | 210304s1991 ||||| |||| 00| 0 eng d | ||
| 040 |
_aeng _cDLC |
||
| 041 | _aeng | ||
| 082 |
_a001 _bL-38 |
||
| 110 |
_91248 _aScientific American |
||
| 245 |
_aThe Laureates' Anthology Vol. II _b: A Collection of Articles by Nobel Prize-Winning Authors _c/ by: Scientific American |
||
| 260 |
_aUSA _bScientific American _c1991 |
||
| 300 |
_a159 p. _bill. |
||
| 650 | 0 |
_9681 _aScience |
|
| 653 | _aმეცნიერება | ||
| 942 |
_2udc _cMP |
||
| 999 |
_c1910 _d1910 |
||